| 000 | 01109nam a2200217Ia 4500 | ||
|---|---|---|---|
| 003 | Ost | ||
| 005 | 20260507075015.0 | ||
| 008 | 260507s9999||||xx |||||||||||||| ||und|| | ||
| 040 | _cfsecg | ||
| 041 | _aara | ||
| 082 | _a657 | ||
| 100 |
_aهاشم، أحمد عطية _eمؤلف |
||
| 245 | 0 |
_aدراسات في المحاسبة المتخصصة : _bحسابات المهن الحرة(غير التجارية)، حسابات الجمعيات و النوادي، المحاسبة في شركات النقل البحري، المحاسبة في المنشآت الزراعية / _c أحمد عطية هاشم |
|
| 260 |
_aالإسكندرية: _bالدار الجامعية, _c2000 |
||
| 300 |
_a171 صفحة؛ _bإيضاحات ؛ _c24 سم |
||
| 520 | _aالمحاسبةفي شركات النقل البحري-المحاسبة في المنشآت الزراعية-حسابات المهن الحرة(غير التجارية)-حسابات الجمعيات والنوادي | ||
| 653 | _aالشركات-محاسبة | ||
| 653 | _aالمحاسبة | ||
| 653 | _aالنقل البحري | ||
| 942 | _cكتاب | ||
| 999 |
_c42202 _d42202 |
||